000 00954nam a2200313Ia 4500
003 OSt
005 20221006143309.0
006 a|||||r|||| 00| 0
007 ta
008 221006b |||||||| |||| 00| 0 eng d
020 _a9780415103862
_c£50.00
024 _a8,571
037 _cTextual
040 _aEASL
_cEASL
_beng
041 _2eng
_aeng
082 _aX8(A).42.N95, N6
100 _aHASEGAWA Harukiyu
_9649593
245 0 _aSteel industry in Japan
_b A comparison with Britain
260 _aLondon
_bRoutledge
_c1996
300 _a345p.
_ccm.
490 _v JEL
_aSheffield Centre for Japanese Studies/Routledge Series
650 _a Economic Development
650 _a Industrial Organisation
_9649594
650 _a JEL
650 _a Steel Industry - Britain
_9649595
650 _aSteel Industry - Japan
_9649596
942 _hX8(A).42.N95, N6
_cTEXL
_2CC
999 _c1076657
_d1076657